Sports Quiz

Random Sports or Basketball Quiz

2012 NBA leading rebounders Quiz Stats

 Plays Quiz not verified by Sporcle

Challenge
Share
Tweet
Embed
Score 0/30 Timer 10:00
0 Plays Today
Teams Person % Correct
Los Angeles ClippersBlake Griffin
95.6%
Orlando MagicDwight Howard
95.6%
Los Angeles LakersAndrew Bynum
94.7%
San Antonio SpursTim Duncan
94.7%
Chicago BullsJoakim Noah
93.9%
Miami HeatLeBron James
93.9%
Minnesota TimberwolvesKevin Love
93%
Boston CelticsKevin Garnett
92.1%
New York KnicksTyson Chandler
92.1%
Memphis GrizzliesMarc Gasol
91.2%
Oklahoma City ThunderKevin Durant
91.2%
Atlanta HawksJosh Smith
90.4%
Indiana PacersRoy Hibbert
90.4%
Sacremento Kings DeMarcus Cousins
89.5%
New Jersey NetsKris Humphries
86%
Teams Person % Correct
Golden State WarriorsDavid Lee
85.1%
Utah JazzPaul Millsap
84.2%
Detroit PistonsGreg Monroe
83.3%
Phoenix SunsMarcin Gortat
83.3%
Denver NuggetsJaVale Mcgee
81.6%
Washington WizardsJaVale Mcgee
81.6%
Cleveland CavaliersAnderson Varejao
79.8%
Houston RocketsMarcus Camby
78.9%
New Orleans HornetsEmeka Okafor
78.9%
Portland Trail BlazersMarcus Camby
78.9%
Dallas MavericksShawn Marion
76.3%
Philadelphia 76ersSpencer Hawes
71.9%
Milwaukee BucksErsan Ilyasova
62.3%
Charlotte BobcatsBismack Biyombo
54.4%
Toronto RaptorsEd Davis
50%

You're not logged in!

Compare scores with friends on all Sporcle quizzes.
Join for Free
OR
Log In

You Might Also Like...

Show Comments

Extras

Top Quizzes Today


Score Distribution

Your Account Isn't Verified!

In order to create a playlist on Sporcle, you need to verify the email address you used during registration. Go to your Sporcle Settings to finish the process.

Report this User

Report this user for behavior that violates our Community Guidelines.

Details: